00760cam a2200229 a 45000010009000000050017000090080041000260100017000670200022000840400018001060410008001240800022001320820026001541000007001801010008001872450077001955040063002729060045003359420012003809990017003929520121004091216443320180301050012.0000906s2001 nyua b 001 0 eng  a 00046515  a0195130456 (pbk.) aDLCcDLCdDLC aeng a808..042/071 eri00a808..042/071 eri2211 a25 aedu12aA rhetoric for writing teachers /cErika Lindemann with Daniel Anderson. aIncludes bibliographical references (p.315-338) and index. a7bcbccorignewd1eocipf20gy-gencatlg 2ddccBK c43805d43805 00102udc40708PËKGa002b002cPËKGd2018-03-01l0o808..042/071 erip002-3000289r2018-03-01w2018-03-01yBK